Top 50 Nomes de Nenas Recén Nacidas en Galicia en 2016 - Statistics

General Stats
  • This quiz has been taken 14 times
  • The average score is 20 of 50
Answer Stats
Resposta % Correct
30 A Ana
83%
19 M María
83%
3 S Sara
75%
42 N Nerea
67%
14 P Paula
67%
17 U Uxía
67%
20 A Antía
58%
10 C Carmen
58%
6 D Daniela
58%
22 L Laura
58%
7 L Lucía
58%
49 A Andrea
50%
9 C Carla
50%
46 C Clara
50%
40 I Inés
50%
26 I Iria
50%
13 J Julia
50%
21 S Sabela
50%
1 S Sofía
50%
39 X Xiana
50%
5 A Alba
42%
33 C Carlota
42%
28 C Claudia
42%
45 J Jimena
42%
12 L Lara
42%
29 O Olivia
42%
15 V Valentina
42%
8 V Valeria
42%
36 Z Zoe
42%
48 A Alejandra
33%
4 M Martina
33%
2 N Noa
33%
11 V Vera
33%
47 A Ainhoa
25%
43 A Aitana
25%
27 A Alicia
25%
25 C Candela
25%
37 I Irene
25%
23 L Leire
25%
18 L Lía
25%
24 A Adriana
17%
41 A Ainara
17%
31 A Aroa
17%
16 E Emma
17%
32 L Lola
17%
35 M Mara
17%
44 M Mía
17%
50 N Nora
17%
38 V Vega
17%
34 A Alma
8%
No matching quizzes found
Score Distribution
Percent of People with Each Score
Percentile by Number Answered
Your Score History
You have not taken this quiz